=LDR 00000nam 2200000 4500 =001 INLIS000000000027060 =005 20130612125450 =008 ***********************************Ind** =035 ##$$0010-061300000027060 =041 ##$$a Ind =082 ##$$a 333.2 =090 ##$$a 333.2, Sut p =100 ##$$a Sutrisno =245 ##$$a Petunjuk praktis tat cara perolehan tanah untuk industri, oleh D. Soetrisno =260 ##$$a 2004 $b Jakarta =300 ##$$a ix, 187 hlm, 23 cm =650 ##$$a Tanah-Penguasaan =850 ##$$a NBPNMAT